LIBRARY & INFORMATION CENTRE, KCAET, TAVANUR

ONLINE PUBLIC ACCESS CATALOGUE (OPAC)

Ground water hydrology: Theory and practice (Record no. 13793)

MARC details
000 -LEADER
fixed length control field 00329nam a22001337a 4500
020 ## - INTERNATIONAL STANDARD BOOK NUMBER
ISBN 9788183211376
082 ## - DEWEY DECIMAL CLASSIFICATION NUMBER
Classification number 551.49
Item number JAT/GR
100 ## - MAIN ENTRY--AUTHOR NAME
Personal name Jat, M.L
245 ## - TITLE STATEMENT
Title Ground water hydrology: Theory and practice
260 ## - PUBLICATION, DISTRIBUTION, ETC. (IMPRINT)
Place of publication Udaipur
Name of publisher Agrotech Publishing Academy
Year of publication 2009
300 ## - PHYSICAL DESCRIPTION
Number of Pages 852 p
700 ## - ADDED ENTRY--PERSONAL NAME
Personal name Bhakar, S.R
942 ## - ADDED ENTRY ELEMENTS (KOHA)
Koha item type Books
Holdings
Withdrawn status Lost status Damaged status Collection code Home library Current library Shelving location Date acquired Source of acquisition Cost, normal purchase price Full call number Accession Number Koha item type
      Non-fiction KAUAET KAUAET General Stacks 31/03/2012 Penta Book Distributors, Calicut 1800.00 551.49 JAT/GR 22861 Books
free website counter